Julio Rosado del Valle (Record no. 16050)

MARC details
000 - LÍDER
campo de control de longitud fija 01099nam a2200205Ia 4500
008 - ELEMENTOS DE DATOS DE LONGITUD FIJA - INFORMACIÓN GENERAL
campo de control de longitud fija 0000002002 pr a 0000000000spa00
090 ## - NÚMERO DE LLAMADA DE TIPO LC LOCALMENTE ASIGNADO (OCLC)
Número de clasificación (OCLC) (R) PPR00 T72j
100 1# - ENTRADA PRINCIPAL - NOMBRE PERSONAL
Nombre de la persona Trelles Hernández, Mercedes
245 10 - TÍTULO DECLARACIÓN
Título Julio Rosado del Valle
Resto del título : pintura sobre papel 1999 2002
Declaración de responsabilidad / ensayo y texto Mercedes Trelles Hernández ; fotografías Johnny Betancourt
260 ## - PUBLICACIÓN, DISTRIBUCIÓN
Lugar de publicación San Juan (Puerto Rico) : Instituto de Cultura Puertorriqueña
Fecha de publicación 2002
300 ## - DESCRIPCIÓN FÍSICA
Alcance 17 p.
Dimensiones / 28 cm.
500 ## - NOTA GENERAL
Nota general Exposición realizada en la Sala Central del Antiguo Arsenal de la Marina Española, La Puntilla , Viejo San juan, Puerto Rico entre el 15 de noviembre de 2002 y el 28 de febrero de 2003 \ Incluye lista de obras, datos biográficos y cronología artística \ Donación del Sr. Mauricio Mayorga, 2015
600 00 - ENTRADA DE SUJETO AÑADIDO - NOMBRE PERSONAL
Nombre de la persona ROSADO DEL VALLE, JULIO, 19222008/
Subdivisión general TRABAJOS PICTORICOS
650 14 - ENTRADA DE SUJETO AÑADIDO - TÉRMINO TÓPICO
Término tópico o elemento de entrada del nombre geográfico ARTE CONTEMPORANEO PUERTORRIQUEÑO
650 14 - ENTRADA DE SUJETO AÑADIDO - TÉRMINO TÓPICO
Término tópico o elemento de entrada del nombre geográfico ARTISTAS PLASTICOS PUERTORRIQUEÑOS
650 14 - ENTRADA DE SUJETO AÑADIDO - TÉRMINO TÓPICO
Subdivisión general CATALOGOS
650 14 - ENTRADA DE SUJETO AÑADIDO - TÉRMINO TÓPICO
Subdivisión general EXPOSICIONES
650 14 - ENTRADA DE SUJETO AÑADIDO - TÉRMINO TÓPICO
Término tópico o elemento de entrada del nombre geográfico PINTORES PUERTORRIQUEÑOS
650 14 - ENTRADA DE SUJETO AÑADIDO - TÉRMINO TÓPICO
Término tópico o elemento de entrada del nombre geográfico PINTURA PUERTORRIQUEÑA
Holdings
Estado de retirada Pérdida de estatus Estado dañado No para préstamo Código de recogida Ubicación permanente Ubicación actual Ubicación de las estanterías Fecha de adquisición Número de llamada completo Código de barras Fecha de la última vez que se vio Número de copia Precio efectivo desde Tipo de artículo Koha
        General ArtNexus ArtNexus General 06/09/2022 P-PR-00 T72J 16374 06/09/2022 Ej.1 06/09/2022 Libro

Powered by Koha